| 000 | 01899nam0a22002771 4500 | ||
|---|---|---|---|
| 001 | v19\rc\1836184 | ||
| 005 | 20260406170101.0 | ||
| 035 | _a(NLR Aleph) 004930647 | ||
| 090 |
_a5675988 _c5675988 |
||
| 100 | _a20071224e19071907|||y0rusy50 ca | ||
| 101 | 0 | _arus | |
| 102 | _aRU | ||
| 105 | _ay z ||||| | ||
| 200 | 1 |
_a!Извлечения из Журналов заседаний Центрального комитета по оказанию врачебно-продовольственной помощи населению пострадавших от неурожая 1906 г. местностей _e10 янв. - 21 сент. 1907 г. |
|
| 210 |
_aСанкт-Петербург _d1907 |
||
| 215 |
_a[2], 65 с. _d25 |
||
| 311 | _aОтт. из "Правительственного вестн." | ||
| 488 | 0 |
_12001#$aПравительственный вестник _tПравительственный вестник |
|
| 488 | 0 |
_12001#$aЖурналы заседаний Центрального комитета по оказанию врачебно-продовольственной помощи населению пострадавших от неурожая 1906 г. местностей _tЖурналы заседаний Центрального комитета по оказанию врачебно-продовольственной помощи населению пострадавших от неурожая 1906 г. местностей |
|
| 710 | 0 | 1 |
_aРоссия _bЦентральный комитет по оказанию врачебно-продовольственной помощи населению пострадавших от неурожая 1906 г. губерний _9369626 _3RU\NLR\AUTH\889937399 |
| 801 | 0 |
_aRU _bNLR _gpsbo |
|
| 801 | 0 |
_aRU _bRuMoRGB _2psbo |
|
| 801 | 1 |
_aRU _bProSoft-M _2rusmarc |
|
| 852 |
_aNLR _j132/2478 |
||
| 942 | _cBOOK | ||
| 980 | _aNB | ||